| 000 | 01471nam a22004097a 4500 | ||
|---|---|---|---|
| 001 | 0008827 | ||
| 003 | KOHA_MİRAKIL | ||
| 005 | 20260207001650.0 | ||
| 007 | ta | ||
| 008 | 091009b1981 tu |||gr||||#0|||0|tur | | ||
| 020 | _cTL1 | ||
| 040 |
_aTR-BiSEU _btur _cTR-BiSEU _erda |
||
| 041 | 0 | _atur | |
| 044 | _ctu | ||
| 050 |
_aDR503 _b.L44 1981 |
||
| 100 | 1 | _aLefort, Jacques. | |
| 240 | 1 | 0 |
_aTopkapı Sarayı Arşivlerinin Yunanca belgeleri : Cem Sultan'ın tarihine katkı _lTürkçe |
| 245 | 1 |
_aDocuments Grecs dans les archives de Topkapı Sarayı : _bcontribution à l'histoire de Cem Sultan = _b Topkapı Sarayı Arşivlerinin Yunanca belgeleri : _bCem Sultan'ın tarihine katkı/ _cJacques Lefort ; Jacques Lefort; çeviren Hatice Gonnet. |
|
| 264 | 1 |
_aAnkara : _bTürk Tarih Kurumu Basımevi _c1981 |
|
| 300 | _a216, xxvi sayfa: resimli; 24 cm. | ||
| 336 |
_ametin _btxt _2rdacontent |
||
| 337 |
_aaracısız _bn _2rdamedia |
||
| 338 |
_acilt _bnc _2rdacarrier |
||
| 490 | 1 | _aTürk Tarih Kurumu yayınları. | |
| 490 | 1 | _aVII. | |
| 490 | 1 |
_adizi ; _vsa. |
|
| 490 | 1 | _a76 | |
| 500 | _aCritical material in French and Turkish; texts in Greek. | ||
| 500 | _aKaynakça ve dizin var. | ||
| 650 | 0 |
_aCem, Prince, son of Mehmed II, Sultan of the Turks, 1459-1495. _922169 |
|
| 830 | 1 |
_aTürk Tarih Kurumu yayınları. _96704 |
|
| 830 | 1 |
_aVII. _920305 |
|
| 830 | 1 |
_adizi ; _vsa. _910357 |
|
| 830 | 1 |
_a76 _96534 |
|
| 907 | _aTarih | ||
| 942 |
_2lcc _cBK |
||
| 999 |
_c8799 _d8799 |
||